000
00382nam a22001577a 4500
003
MPLRDC
005
20220104124849.0
008
210129b ||||| |||| 00| 0 eng d
082
_a
857.9 LYS-8 v.1 c.3
100
_a
梁羽生著
245
_a
慧剑心魔. 上
_c
260
_a
_b
武功出版社
_c
300
_b
平
650
_a
武侠小说
942
_c
BK
_o
857.9 LYS-8 v.1 c.3
999
_c
22770
_d
22760